000 00222nam a2200097Ia 4500
008 170619s9999 xx 000 0 und d
100 _aBalagurusamy E
245 0 _aPROGRAMMING IN ANSI C
260 _bMc Graw Hill
260 _c2008
546 _aENGLISH
999 _c18871
_d18871